[Event "EICC 2017"]
[Site "Minsk"]
[Date "2017.06.07"]
[Round "8"]
[White "Demchenko, Anton"]
[Black "Kovalenko, Igor"]
[Result "1-0"]
[WhiteElo "2629"]
[BlackElo "2657"]
[Annotator "TA"]
[PlyCount "55"]
[EventDate "2017.??.??"]
[EventCountry "BLR"]
[SourceTitle "playchess.com"]
[Source "ChessBase"]
[SourceQuality "1"]

{[%evp 17,55,3,33,18,68,64,76,68,95,100,100,68,99,83,160,183,188,160,164,143,180,122,133,132,125,136,120,114,564,566,569,569,548,548,29980,29982,29982,29983,29997,29998]} 1. e4 c5 2. Nf3 e6 3. d4 cxd4 4. Nxd4 Nf6 5. Nc3 Nc6 6. a3 d6 7. Be3 Be7 8. Be2 O-O 9. Qd2 a6 10. O-O-O {B90: Sicilian Najdorf: Unusual White 6th moves, 6 Be3 Ng4 and 6 Be3 e5} Na5 $146 ({Predecessor:} 10... Nxd4 11. Qxd4 e5 12. Qd2 b5 13. Bg5 Ne8 14. f4 Bxg5 15. fxg5 Bb7 16. h4 Rc8 17. Rh3 Qb6 {½-½ (31) Vallejo Pons,F (2684)-Fier,A (2624) Bilbao 2015}) 11. Kb1 Qc7 {[#]} 12. g4 $1 {White is better.} Nc4 13. Bxc4 $1 Qxc4 14. Rhg1 d5 15. exd5 Rd8 {[#]} (15... Nxd5 $142 16. Nxd5 exd5) 16. Bg5 $1 $16 exd5 17. Rge1 Be6 {and if ...Ne4 works, Black does fine.} 18. f3 (18. Nxe6 $6 fxe6 19. Qe2 (19. Rxe6 Ne4 $11) 19... Qxe2 $14) 18... Rac8 19. Nf5 (19. Nxe6 $18 fxe6 20. Rxe6 Bxa3 21. Rxf6 (21. bxa3 Qxc3 22. Qxc3 Rxc3 $16) 21... Bxb2 22. Rf4 (22. Kxb2 Qb4+ 23. Kc1 Qa3+ 24. Kb1 Qb4+ 25. Kc1 Qa3+ 26. Kb1 Qb4+ 27. Kc1 $11) 22... Qxc3 23. Qxc3 (23. Bxd8 Rxd8 24. Qxc3 Bxc3 $18) 23... Bxc3 24. Bxd8 Rxd8 25. Rc4) 19... Bxa3 20. Bxf6 $1 gxf6 21. Qh6 {[%csl Gf5][%cal Rh6g7]} Bf8 22. Qxf6 $40 {[%mdl 128] Threatens to win with Re5. White goes for the king.} Qc7 $2 {[%mdl 8192]} (22... d4 $16) 23. Re5 $18 {[%cal Be1e5,Be5e8,Be8f8][%mdl 32] Threatening mate with Ne7+!} h6 24. Nxh6+ Bxh6 25. Rde1 ({Don't go for} 25. Rxe6 $2 Bg7 $19) 25... Bf5 26. gxf5 {White mates.} Rd6 27. Re8+ Bf8 {[#]} 28. Rxf8+ $1 {[%mdl 512] Precision: White = 97%, Black = 37%.} 1-0

[Event "EICC 2017"]
[Site "Minsk"]
[Date "2017.06.07"]
[Round "8"]
[White "Salgado Lopez, Ivan"]
[Black "Danin, Alexandre"]
[Result "1-0"]
[WhiteElo "2627"]
[BlackElo "2551"]
[Annotator "TA"]
[PlyCount "167"]
[EventDate "2017.??.??"]
[EventCountry "BLR"]
[SourceTitle "playchess.com"]
[Source "ChessBase"]
[SourceQuality "1"]

{[%evp 12,167,14,-6,58,0,6,-6,-11,-23,-4,-4,-6,-7,0,-7,-1,0,41,29,33,37,36,35,27,28,39,29,46,34,29,31,29,38,72,75,87,79,104,110,76,67,69,77,81,80,117,110,106,68,59,69,101,0,0,0,0,-2,0,-10,11,20,12,25,325,-9,325,325,325,132,132,132,132,132,132,132,287,285,236,249,608,606,594,594,578,578,578,578,619,581,699,545,490,336,301,244,714,710,690,668,639,562,735,693,701,614,5712,5293,706,301,12839,12839,12839,12840,12840,12841,12843,12843,12844,12831,12838,12838,12844,12843,12844,12844,12845,12843,29986,29987,29988,29985,29989,29990,29996,12843,12843,12839,12844,12843,12843,12843,12844,12844,12845,12845,12845,12846,12846,12847,12847,12847,12848,12848,12850,12850,12851,29983]} 1. e4 e5 2. Nf3 Nc6 3. Bb5 Nf6 4. d3 Bc5 5. Bxc6 dxc6 6. Bg5 {C65: Ruy Lopez: Berlin Defence (3...Nf6), unusual lines and 4 0-0 Bc5} Qd6 7. Nbd2 {LiveBook: 11 Games} Ng4 (7... Be6 $11) 8. Bh4 (8. O-O $14) 8... f6 $11 9. Bg3 $146 ({Predecessor:} 9. Nc4 Qe6 10. Nfd2 O-O 11. f3 Ne3 12. Nxe3 Bxe3 13. Nc4 Bc5 {½-½ (45) Yu,Y (2626)-Ni,H (2673) Danzhou 2012}) 9... Be6 10. Qe2 Qd7 11. Nb3 Bb6 12. Nfd2 Nh6 13. a4 {Strongly threatening a5.} a6 14. a5 $36 {[%mdl 2048] White has good play.} Ba7 (14... Bd4 $5) 15. f3 c5 16. Bf2 Qc6 17. O-O Nf7 18. Be3 c4 19. Nxc4 Bxc4 20. dxc4 Bxe3+ 21. Qxe3 Qxc4 22. Nc5 O-O 23. Nxb7 Rfb8 24. b3 $1 {[%cal Rb3c4]} Qc6 25. Nc5 Rb5 26. Nd3 Qxc2 27. b4 $1 Rd8 {[#]} 28. Ra3 $1 Qc6 29. Rc1 Qd6 30. Rc5 Rxc5 31. Qxc5 Qd7 32. b5 (32. Qc4 $16) 32... Qxb5 33. Qxb5 axb5 {[%mdl 4096] Endgame KRN-KRN} 34. a6 Nd6 35. Nb4 ({But not} 35. a7 Ra8 $17) 35... c5 36. Nc6 Ra8 {White must now prevent ...b4.} 37. Rd3 $1 {[%cal Rd3d6]} Nc8 $2 {[%mdl 8192]} (37... Rxa6 $11 {and Black stays safe.} 38. Rxd6 Kf8) 38. Rd8+ $18 Kf7 {[#]} 39. a7 $1 {[%mdl 512]} Nxa7 {[#] aiming for ...Rxd8.} 40. Rxa8 (40. Nxe5+ $1 $18 {[%mdl 512] is the precise move to win.} fxe5 41. Rxa8) 40... Nxc6 {KR-KN} 41. Rc8 Nd4 42. Rxc5 b4 43. Rc7+ Kg6 $2 (43... Ke6 $16 {is a better defense.}) 44. Rb7 b3 45. Kf2 h5 $2 (45... Kh6 46. h4 Kg6) 46. h4 Kh6 47. Rb6 Kg6 48. Ke3 Kf7 49. Rb7+ Kg6 50. Kd3 Ne6 51. Kd2 Nd4 52. Rd7 Kh6 53. Rd6 Nb5 $2 (53... Kg6 54. f4 Nc2) 54. Rb6 Nd4 55. Kc3 Ne2+ 56. Kxb3 Nf4 57. g3 Ne2 58. Kc4 Nd4 59. f4 Nf3 60. f5 (60. Kd5 $142 exf4 61. Rb3) 60... Nd2+ $2 (60... Kh7 61. Kc3 Nd4) 61. Kd5 Kh7 62. Rb2 Nf1 63. Rb3 Kg8 64. Ke6 Nd2 65. Rb8+ Kh7 66. Rb4 Kg8 67. Ke7 Nf1 68. Rb3 Nd2 69. Re3 Nf1 70. Rd3 Nh2 71. Rd8+ Kh7 72. Kf8 g6 73. Kf7 (73. Rd7+ $142 Kh6 74. Kg8 gxf5 75. exf5 Ng4 76. Rh7#) 73... gxf5 {White is clearly winning.} 74. Kxf6 fxe4 75. Rd7+ Kh6 76. Kxe5 e3 77. Kf4 Ng4 78. Rd6+ Kg7 79. Kf3 Ne5+ 80. Ke2 Ng4 81. Rd5 Kg6 82. Rg5+ Kh6 {[#]} 83. Rxg4 $1 {[%mdl 512] Rg5 would kill now.} hxg4 84. Kxe3 {Precision: White = 69%, Black = 35%.} 1-0

[Event "EICC 2017"]
[Site "Minsk"]
[Date "2017.06.07"]
[Round "8"]
[White "Andriasian, Zaven"]
[Black "Minko, Vladimir"]
[Result "1-0"]
[WhiteElo "2622"]
[BlackElo "2438"]
[Annotator "TA"]
[PlyCount "77"]
[EventDate "2017.??.??"]
[EventCountry "BLR"]
[SourceTitle "playchess.com"]
[Source "ChessBase"]
[SourceQuality "1"]

{[%evp 23,77,43,45,44,35,16,42,41,61,44,144,144,145,154,185,188,182,175,197,204,228,209,264,233,494,489,492,468,631,628,527,186,186,192,271,251,242,183,181,190,214,213,269,257,256,261,254,262,237,188,206,202,189,177,193,195]} 1. e4 c5 2. Nf3 e6 3. d4 cxd4 4. Nxd4 Nc6 5. Nc3 Qc7 6. Be3 a6 7. Qd2 Nf6 8. O-O-O Bb4 9. f3 Ne7 {B48: Sicilian: Taimanov: 5 Nc3 Qc7 6 Be3 a6 without Be2} 10. Nde2 b5 11. Bf4 e5 12. Bg5 h5 {LiveBook: 16 Games} 13. h4 Bb7 14. Qd3 Rc8 15. Kb1 {[#]} Ba5 $146 ({Predecessor:} 15... Bxc3 16. Qxc3 d5 17. Qxc7 Rxc7 {½-½ (147) Jakovenko,D (2731)-Goganov,A (2552) Legnica 2013}) 16. a3 (16. Bxf6 {looks sharper.} gxf6 17. Nd5 Nxd5 18. exd5 Kf8 19. a3) 16... d5 (16... Qc4 $14) 17. Bxf6 $1 $16 ({Worse is} 17. exd5 Nfxd5 18. Ne4 f5 $17) 17... dxe4 18. Nxe4 Bxe4 19. fxe4 gxf6 20. Ng3 Ng6 21. Qb3 Kf8 22. Nf5 Nf4 23. a4 Rb8 $2 (23... bxa4 24. Qxa4 Rb8) 24. axb5 $18 axb5 25. Bxb5 Qc5 26. Rd7 {[%csl Gd7][%cal Rb3f7] [#]} Ne6 27. Rd5 $2 (27. Nd6 Rh7 {[#]} 28. Rxf7+ $1 {[%mdl 512]} Rxf7 29. Qxe6) 27... Qb4 28. Bc4 Rc8 (28... Qxb3 $142 29. cxb3 (29. Bxb3 Bb4 $16) 29... Bb4) 29. Qxb4+ Bxb4 30. Bb3 Rg8 31. g3 Rg4 32. c3 Bc5 33. Re1 Bf2 34. Rf1 Bc5 35. Rd7 {Black must now prevent Nh6.} Rxe4 36. Bxe6 {White is clearly better.} fxe6 37. Nd6 Bxd6 38. Rxf6+ ({Weaker is} 38. Rxd6 Kf7 $15) 38... Kg8 39. Rxd6 {Precision: White = 69%, Black = 37%.} 1-0

[Event "EICC 2017"]
[Site "Minsk"]
[Date "2017.06.07"]
[Round "8"]
[White "Maze, Sebastien"]
[Black "Khegay, Dmitriy"]
[Result "1-0"]
[WhiteElo "2619"]
[BlackElo "2482"]
[Annotator "TA"]
[PlyCount "109"]
[EventDate "2017.??.??"]
[EventCountry "BLR"]
[SourceTitle "playchess.com"]
[Source "ChessBase"]
[SourceQuality "1"]

{[%evp 20,109,-20,-39,-15,-15,-5,-16,-9,-18,-20,-20,-11,-22,0,0,0,0,-3,-12,23,13,38,23,22,16,67,69,45,15,52,55,73,56,115,117,154,150,140,138,194,200,208,195,291,265,258,237,294,286,245,239,267,270,271,261,265,244,321,308,437,393,389,354,418,391,663,437,870,771,645,620,460,438,450,423,480,498,739,728,816,820,736,731,1433,1270,1556,1503,3215,3010,2502,2245]} 1. Nf3 Nf6 2. g3 d5 3. Bg2 e6 4. O-O Be7 5. d3 O-O 6. Nbd2 c5 7. e4 Nc6 8. Re1 Qc7 9. Nf1 dxe4 10. dxe4 Rd8 {C00: French: Unusual White 2nd moves} 11. Bd2 {LiveBook: 4 Games} (11. Qe2 b6 12. c3 a5 13. e5 Nd5 14. Qe4 h6 15. Ne3 Nxe3 16. Bxe3 Bb7 17. Qg4 Kh8 18. Qh5 Bf8 19. Bf4 {½-½ (111) Neiksans,A (2627)-Skoberne,J (2542) chess.com INT 2017}) 11... e5 12. c3 h6 {The position is equal.} 13. Qc2 Be6 14. Ne3 c4 $146 ({Predecessor:} 14... Rd7 15. b3 Ng4 16. Nf5 c4 17. h3 Nf6 18. Bf1 cxb3 19. axb3 Bc5 20. Be3 Bf8 21. g4 Nb4 {½-½ (21) Fege,J (1567)-Hofmann,T (1649) Magdeburg 2014}) 15. Rad1 Bc5 16. Bc1 Ng4 17. Nxg4 Bxg4 18. Rd5 Bd6 19. Qe2 Be6 20. Qxc4 Bxd5 21. exd5 Nd4 22. Nd2 Qxc4 (22... Nf5 $1 $11) 23. Nxc4 $14 Nf5 24. Bh3 Ne7 25. Nxd6 Rxd6 26. c4 Ng6 (26... Ra6 $1 $14) 27. b3 $16 {[%mdl 1024] White has strong compensation.} Rad8 28. a4 a5 29. Ba3 Rf6 (29... Rb6 $16) 30. Bg2 $18 b6 31. h4 Re8 (31... h5 $142 32. Bb2 Kf8) 32. Bb2 Rd6 {[#]} 33. f4 $1 {[%mdl 512]} e4 (33... exf4 34. Rxe8+) 34. Rxe4 Rxe4 35. Bxe4 {[%mdl 4096] Endgame KRN-KB} Nf8 36. Be5 Rd7 37. Bf5 Ra7 38. Bd4 Rb7 39. h5 f6 (39... g6 {is a better defense.}) 40. Kf2 Kf7 41. g4 Ke8 42. Kf3 Kf7 $2 {[#]} (42... Nd7 43. Bxd7+ Kxd7) 43. Ke4 {White is clearly winning.} Re7+ (43... Ke7 $142 44. g5 Rb8) 44. Kd3 Rb7 45. Kc3 g6 46. hxg6+ Nxg6 47. Be3 Nh4 48. Be6+ Ke8 (48... Ke7 $142 49. f5 Nf3 50. Bxh6 Ng5) 49. b4 axb4+ 50. Kxb4 Ng2 51. Bd2 Rc7 52. f5 Rg7 53. d6 {[%cal Bd5d6,Bd6d7][%mdl 32]} Rxg4 54. d7+ Ke7 55. Bc3 {Precision: White = 89%, Black = 36%.} 1-0

[Event "EICC 2017"]
[Site "Minsk"]
[Date "2017.06.07"]
[Round "8"]
[White "Saric, Ivan"]
[Black "Andreikin, Dmitry"]
[Result "1/2-1/2"]
[WhiteElo "2618"]
[BlackElo "2723"]
[Annotator "TA"]
[PlyCount "87"]
[EventDate "2017.??.??"]
[EventCountry "BLR"]
[SourceTitle "playchess.com"]
[Source "ChessBase"]
[SourceQuality "1"]

{[%evp 18,87,44,41,46,25,29,18,17,18,23,20,27,29,27,18,21,5,22,30,51,37,41,47,34,37,43,27,45,22,33,15,18,18,6,-7,-8,-38,-35,-37,-33,-31,-25,-37,-36,-38,-6,-9,0,0,0,-16,0,0,0,0,0,0,0,-8,0,0,0,0,0,0,0,0,0,0,0,0]} 1. e4 e5 2. Nf3 Nc6 3. d4 exd4 4. Nxd4 Bc5 5. Nb3 Bb6 6. Nc3 d6 7. Qe2 Nf6 {C45: Scotch Game} 8. Be3 Be6 9. O-O-O Qe7 10. g3 {LiveBook: 18 Games} Nd7 $146 ({Predecessor:} 10... O-O-O 11. Bg2 Kb8 12. Bxb6 axb6 13. Nd4 Nxd4 14. Rxd4 g5 {½-½ (28) Caruana,F (2796)-Malakhov,V (2707) Tromsoe 2013}) 11. Bg2 O-O-O 12. Rhe1 Rhe8 13. Kb1 Bxe3 14. Qxe3 Nb6 15. Nd4 Bd7 16. Ndb5 Kb8 17. b3 Qe5 18. f4 Qc5 19. Qxc5 dxc5 20. e5 a6 21. Na3 Nd4 22. Ne4 Bc6 23. Bh1 Ne6 24. Rxd8+ Rxd8 25. f5 Nd4 26. g4 Re8 27. c3 Nb5 28. Nxb5 axb5 29. f6 Bxe4+ $1 30. Bxe4 gxf6 31. Bxh7 $15 {[%mdl 4096] Endgame KRB-KRN} Rh8 32. Bf5 {The position is equal.} Rxh2 33. exf6 {Re8+ is the strong threat.} Nd5 $1 {[%cal Rd5c3]} 34. Re8+ Ka7 35. Rf8 Nxf6 36. Rxf7 Nd5 37. c4 Nc3+ 38. Kc1 Re2 39. a3 Na2+ 40. Kd1 Nc3+ 41. Kc1 b4 42. axb4 Na2+ 43. Kd1 Nc3+ 44. Kc1 {Precision: White = 73%, Black = 61%.} 1/2-1/2

[Event "EICC 2017"]
[Site "Minsk"]
[Date "2017.06.07"]
[Round "8"]
[White "Banusz, Tamas"]
[Black "Rodshtein, Maxim"]
[Result "0-1"]
[WhiteElo "2616"]
[BlackElo "2698"]
[Annotator "TA"]
[PlyCount "104"]
[EventDate "2017.??.??"]
[EventCountry "BLR"]
[SourceTitle "playchess.com"]
[Source "ChessBase"]
[SourceQuality "1"]

{[%evp 11,104,2,10,8,20,15,10,9,6,5,10,10,21,18,29,18,32,22,19,-4,-5,-9,0,0,0,0,0,0,0,0,0,0,8,0,22,0,0,0,0,0,0,-12,-8,-8,-10,-13,-12,-12,-15,-11,0,0,0,0,0,0,0,0,0,0,0,0,0,-36,-37,-68,-57,-50,0,0,0,-34,-37,-44,-44,-46,-56,-79,-78,-141,-39,-43,-15,-50,-35,-62,-60,-218,-218,-679,-679,-873,-833,-29987,-29988]} 1. Nf3 c5 2. c4 Nc6 3. d4 cxd4 4. Nxd4 Nf6 5. Nc3 e6 6. Bf4 d5 7. e3 {A33: Symmetrical English: 2 Nf3 Nf6 3 d4 cxd4 4 Nxd4 e6 5 Nc3 Nc6} Bb4 8. Nxc6 bxc6 9. Qa4 {The position is equal.} Bxc3+ 10. bxc3 O-O 11. Bd3 (11. Be2 Ne4 12. Rc1 Qe7 13. cxd5 cxd5 14. Qb4 Qf6 {½-½ (30) Gelfand,B (2721)-Vachier Lagrave,M (2796) Caleta 2017}) 11... a5 12. c5 Ba6 13. Bxa6 Rxa6 14. Qd4 Ne8 {[%cal Bf6e8,Be8c7,Bc7d5][%mdl 32]} 15. Rb1 $146 f6 16. Qd3 Ra7 17. Rb6 e5 18. Bg3 Qd7 19. O-O Nc7 20. c4 Qe6 21. Rc1 Re8 22. Qc2 a4 23. cxd5 Nxd5 24. Rbb1 Nc7 25. Rd1 {Black should prevent Rd6.} Nb5 {[#] ...Na3 is the strong threat.} 26. Rbc1 a3 27. Rd2 Rd7 28. Rxd7 Qxd7 29. Rd1 $1 {[%cal Rd1d7]} Qe6 30. h4 g6 {[%cal Bg7g6,Bg6g5][%mdl 32]} 31. Rd2 Kg7 32. Kh2 Re7 33. Qd3 h6 34. e4 g5 35. f3 Kh7 36. Bf2 g4 37. Be3 Rg7 38. Qd8 gxf3 39. gxf3 Qf7 (39... Nd4 $5 40. Bxd4 Rd7 $11) 40. Qc8 $1 Qh5 41. Qf5+ (41. Rg2 {is interesting.} Qxh4+ 42. Kg1 Qe1+ 43. Kh2 Rxg2+ 44. Kxg2 Qe2+ 45. Kg3) 41... Qxf5 42. exf5 $15 {[%mdl 4096] Endgame KRB-KRN} h5 43. Rd3 Ra7 44. Rd8 Nc3 45. Bd2 {[#]} (45. Rd6 $142) 45... Nxa2 (45... Nd5 $1 $17 {White must now prevent ...Rb7.} 46. Rd6 Rb7) 46. Rd6 Rb7 {Hoping for ...Nc1!} 47. Rd3 Rb2 (47... Nb4 $5 {[%cal Rb4d3]} 48. Rxa3 Nc2 $17) 48. Kg3 Rc2 49. Rd7+ $2 (49. Kh3 $1 $15) 49... Kg8 $19 50. Bg5 $2 (50. Rd8+ Kf7 51. Rd3) 50... Nc3 51. Bxf6 a2 {( -> ...Ne2+)} 52. Bg5 Ne2+ {Precision: White = 52%, Black = 68%.} 0-1

[Event "EICC 2017"]
[Site "Minsk"]
[Date "2017.06.07"]
[Round "8"]
[White "Melkumyan, Hrant"]
[Black "Tomashevsky, Evgeny"]
[Result "0-1"]
[WhiteElo "2613"]
[BlackElo "2696"]
[Annotator "TA"]
[PlyCount "144"]
[EventDate "2017.??.??"]
[EventCountry "BLR"]
[SourceTitle "playchess.com"]
[Source "ChessBase"]
[SourceQuality "1"]

{[%evp 16,144,9,8,19,-14,0,-18,-11,-20,-8,-18,-20,-12,18,0,9,14,8,0,6,16,22,0,0,0,3,7,13,8,18,10,10,9,7,7,7,8,6,6,13,0,12,12,12,12,12,0,12,12,18,12,18,0,0,0,0,0,0,-43,-43,-43,0,0,0,-31,-35,-35,-35,-35,-37,-39,-36,-45,-31,-34,-25,-25,-25,-25,-25,-27,0,0,0,0,0,-52,0,-20,0,-30,0,-28,0,-72,-80,-89,-46,-54,-66,-192,-175,-201,-195,-287,-192,-177,-177,-200,-199,-279,-252,-309,-306,-306,-307,-306,-308,-333,-323,-305,-308,-447,-446,-483,-456,-455,-426,-456,-454]} 1. Nf3 d5 2. g3 c6 3. Bg2 Bg4 4. O-O Nf6 5. h3 Bh5 6. d3 Nbd7 7. c4 dxc4 {A07: Réti Opening: New York and Capablanca Systems} 8. dxc4 e6 9. Nc3 {LiveBook: 4 Games} Be7 {The position is equal.} 10. Be3 Qc7 11. Qc1 $146 (11. Bf4 $5 {[%cal Rf4c7]} e5 12. Be3 $11) ({Predecessor:} 11. Qc2 O-O 12. Rad1 Rfd8 13. Qc1 Bxf3 14. exf3 Bc5 {0-1 (40) Bosiocic,M (2591)-Tomashevsky,E (2716) Doha 2016}) 11... O-O 12. Rd1 Rfd8 13. b3 h6 14. Qb2 Bxf3 15. Bxf3 Bc5 16. Bxc5 Nxc5 17. Qa3 Qe5 18. b4 Ncd7 19. b5 cxb5 20. cxb5 Qc5 21. Qb2 Qc7 (21... Rac8 $5 {[%cal Rc5c3]} 22. Rac1 Qb6 $11) 22. Rac1 Nc5 23. Rxd8+ Rxd8 24. Qa3 b6 25. Na4 {[%cal Ra4c5]} Nfd7 26. Rd1 Nxa4 27. Qxa4 Rc8 28. Kg2 Nc5 29. Qd4 Nb7 30. Qd7 Nc5 31. Qd4 Nb7 32. Qh4 Nc5 33. a4 a6 34. Bc6 a5 35. e3 Kf8 36. Qd4 Qe7 37. f4 Qf6 38. Qd6+ Qe7 39. Qd4 Qf6 40. Qd6+ Kg8 41. Qd4 $1 Qxd4 42. Rxd4 $15 {[%mdl 4096] Endgame KRB-KRN} Kf8 43. Kf3 Ke7 44. Ke2 Rd8 45. Rc4 f6 46. Be4 g5 47. Bc2 e5 48. Bf5 Rd5 49. fxg5 fxg5 50. h4 Kf6 51. Bc2 (51. Bb1 $11) 51... Rd8 ({Better is} 51... Rd7 $15) 52. Bb1 Rd6 53. Bc2 Rd8 54. Bb1 gxh4 55. gxh4 {[#]} (55. Rxh4 $11 Kg5 56. Bc2) 55... Rg8 $1 $17 56. Kf2 Rg7 57. Bc2 Ke6 58. Bb1 (58. h5 $15) 58... Kd5 $19 59. Rc1 Rg4 60. e4+ (60. Rd1+ {was necessary.} Ke6 61. Rd8) 60... Ke6 ({Don't play} 60... Nxe4+ 61. Bxe4+ Rxe4 62. h5 $19) 61. h5 Rg5 ({Not} 61... Nxa4 62. Rc6+ Ke7 63. Bc2 $11) 62. Ba2+ Ke7 63. Bc4 (63. Kf3 {might work better.}) 63... Rxh5 64. Kf3 Nxa4 65. Bd5 Nc5 66. Kg4 Rg5+ 67. Kh4 Rg6 68. Kh5 Rf6 69. Rg1 (69. Rc3 $142) 69... Nd3 {Black is clearly winning.} 70. Kh4 Nf4 71. Bb7 Ne6 72. Kh5 Nd4 {Precision: White = 37%, Black = 62%.} 0-1

[Event "EICC 2017"]
[Site "Minsk"]
[Date "2017.06.07"]
[Round "8"]
[White "Hracek, Zbynek"]
[Black "Movsesian, Sergei"]
[Result "1/2-1/2"]
[WhiteElo "2612"]
[BlackElo "2680"]
[Annotator "TA"]
[PlyCount "58"]
[EventDate "2017.??.??"]
[EventCountry "BLR"]
[SourceTitle "playchess.com"]
[Source "ChessBase"]
[SourceQuality "1"]

{[%evp 15,58,21,37,22,35,3,7,-10,-14,-6,-12,0,0,0,24,24,19,30,24,17,29,7,5,0,0,0,5,0,0,0,4,5,9,0,0,0,0,0,0,0,2,0,0,0,0]} 1. c4 Nf6 2. Nf3 c6 3. Nc3 d5 4. d4 a6 5. e3 b5 6. b3 Bg4 7. h3 Bxf3 8. Qxf3 e6 9. Bd2 {D15: Slav Defence: 4 Nc3 a6 and gambit lines after 4 Nc3 dxc4} Bb4 10. Qd1 O-O 11. Be2 (11. a3 $5 {[%cal Ra3b4]} Ba5 12. b4 $11) 11... bxc4 12. bxc4 c5 13. O-O $146 ({Predecessor:} 13. dxc5 d4 14. exd4 Qxd4 15. Qc2 Nc6 16. O-O Qe5 {0-1 (24) Oll,L (2595)-Anand,V (2725) Biel 1993}) 13... cxd4 14. Nxd5 Nxd5 (14... Bc5 {is interesting.} 15. Nxf6+ Qxf6 16. exd4 Bxd4 17. Bf3 Ra7) 15. cxd5 Bxd2 16. Qxd2 {Hoping for dxe6.} dxe3 17. Qxe3 exd5 18. Bf3 Nc6 {The position is equal.} 19. Rad1 (19. Rfd1 $5 {[%cal Rf3d5]}) 19... d4 20. Qf4 Rc8 21. Bxc6 Rxc6 22. Rxd4 Qb8 23. Rfd1 h6 24. Qxb8 (24. g3 {is more complex.} Qxf4 25. Rxf4 g5 26. Rf3 Kg7 27. Rd7) 24... Rxb8 25. Rd8+ Rxd8 26. Rxd8+ $11 {KR-KR} Kh7 27. Ra8 Rc1+ 28. Kh2 Rc2 29. Rxa6 {And now Kg3 would win.} Rxf2 {Precision: White = 43%, Black = 72%.} 1/2-1/2

[Event "EICC 2017"]
[Site "Minsk"]
[Date "2017.06.07"]
[Round "8"]
[White "Onischuk, Vladimir"]
[Black "Motylev, Alexander"]
[Result "0-1"]
[WhiteElo "2608"]
[BlackElo "2665"]
[Annotator "TA"]
[PlyCount "122"]
[EventDate "2017.??.??"]
[EventCountry "BLR"]
[SourceTitle "playchess.com"]
[Source "ChessBase"]
[SourceQuality "1"]

{[%evp 15,122,22,22,-9,19,-14,31,21,14,25,20,30,35,23,13,20,31,41,26,14,40,0,37,31,39,11,35,31,57,14,18,-53,-53,-35,0,0,0,-40,-36,-27,-41,-40,-18,-55,0,0,0,-10,0,-84,-23,-112,-13,-91,0,-104,0,-93,-72,-92,0,-123,0,-123,-117,-109,-106,-85,-39,-36,0,-49,-54,-119,-93,-128,-118,-133,-133,-196,-143,-185,-200,-218,-173,-156,0,-207,-216,-477,-475,-506,-506,-502,-501,-504,-501,-1209,-1203,-1730,-1821,-1844,-1635,-29972,-29972,-29970,-29972,-5215,-3227]} 1. e4 e5 2. Bc4 Nf6 3. d3 c6 4. Nf3 d5 5. Bb3 a5 6. a4 {C24: Bishop's Opening: 2...Nf6} Bb4+ 7. c3 Bd6 8. exd5 cxd5 {LiveBook: 5 Games} 9. Na3 (9. Bg5 Be6 10. Na3 Nbd7 11. Nb5 Bb8 12. O-O O-O 13. Re1 Re8 {1-0 (29) Yu,Y (2725)-Wang,Y (2737) Shenzhen 2016}) 9... Nc6 10. Nb5 Bb8 11. Bg5 {[%cal Bc1g5,Bg5h4,Bh4g3][%mdl 32]} Be6 12. O-O h6 $146 ({Predecessor:} 12... O-O 13. Qd2 d4 14. Bxe6 fxe6 {1-0 (33) Tesik,C (2259)-Lengyel,B (2289) Budapest 2010}) 13. Bh4 O-O 14. Re1 g5 15. Bg3 {[%cal Rg3e5]} Bg4 16. Qd2 {Threatens to win with Nxg5!} Bxf3 $1 17. gxf3 Qd7 18. Kg2 (18. d4 $5 {[%cal Rd4e5]}) 18... Qf5 19. h4 Ne7 20. hxg5 hxg5 21. Rh1 Ng6 22. Rae1 Rd8 23. c4 (23. Rh2 $11) 23... d4 $1 $15 24. c5 Ra6 25. Bc4 Nd5 26. Bxd5 (26. Nd6 $5 Ngf4+ 27. Bxf4 Nxf4+ 28. Kg1 Bxd6 29. Bxa6 bxa6 30. cxd6 Rxd6 31. Qxa5 Nxd3 32. Rd1 Qxf3 33. Rxd3 $1 {[%mdl 512]} Qxd3 34. Qxe5 Qd1+ 35. Kg2 Qg4+ 36. Kf1 Qd1+ 37. Kg2 Qg4+ 38. Kf1 Qd1+ 39. Kg2 $11) 26... Rxd5 27. Rh5 Rf6 28. Qe2 Rxc5 {With the idea ...Rc2!} 29. Reh1 Rc8 (29... Bd6 $15) 30. Na3 $11 Rc5 31. Nc4 Bc7 32. b3 (32. Qe4 $11) 32... Kg7 (32... Re6 $17) 33. R1h3 (33. Qe4 $11) 33... Bd6 (33... b6 $17 34. Rh1 b5) 34. Rh2 (34. Qe4 $11 {remains equal.} Qxe4 35. fxe4) 34... Bc7 ({Better is} 34... b5 $17 35. axb5 Rxb5) 35. Rh1 (35. R2h3 $1 $11 {keeps the balance.}) 35... Bd6 (35... Re6 $17) 36. Rh7+ (36. Qe4 $11 Bf8 37. Qxb7) 36... Kf8 37. R7h5 Kg7 ({Black should play} 37... Re6 $17) 38. Qd1 (38. Rh7+ $11 Kg8 39. Qe4 Qxe4 40. fxe4) 38... Bc7 (38... Be7 $17 39. Qe2 b5 40. axb5 Rxb5) 39. Rh7+ (39. Qe2 $1 $11 {was the only way to keep the balance.}) 39... Kf8 $17 40. R7h3 Rcc6 41. Rh5 Ke7 42. Qe2 Ke6 43. Re1 Rc5 $36 {[%mdl 2048] Black has the initiative.} 44. Qd1 (44. Rb1 $15) 44... Kd7 45. Re4 Ne7 46. Rg4 Rg6 47. Qe2 (47. Qd2 $17) 47... Nc6 (47... f6 $19 48. Qd2 (48. Rh7 Qe6 $17) 48... b6) 48. Rh8 Qe6 {Hoping for ...f5.} 49. Rh7 Kc8 {And now ...f5 would win.} 50. Rh8+ Kd7 (50... Bd8 $17 51. Bh2 f5) 51. Rh7 $1 $19 {[#]} Rg8 $1 52. Nd2 $2 (52. Bh2 {was worth a try.}) 52... Rc2 53. Rh5 Bd8 54. Qd1 {[#]} Rxd2 $1 {[%mdl 512]} 55. Qxd2 Qg6 56. b4 (56. Rh1 $142 f5 57. f4) 56... Qxh5 57. b5 f5 {[%cal Bf7f5,Bf5f4][%mdl 32]} 58. bxc6+ bxc6 59. Rxd4+ exd4 60. Qb2 f4 61. Qxd4+ Kc8 {Precision: White = 30%, Black = 54%.} 0-1